| 000 | 01939cam a22003134i 4500 | ||
|---|---|---|---|
| 003 | PE-LiUPU | ||
| 005 | 20251002170014.0 | ||
| 008 | 202101s2021 sp a rb 000 0 spa d | ||
| 020 | _a9788420683171 | ||
| 035 | _aPE-LiUPU20251007 | ||
| 040 |
_aPE-LiUPU _bspa _cPE-LiUPU _erda |
||
| 082 | 0 | 4 |
_a343.28 _bB641o _223 |
| 100 | 1 |
_aBlanco Valdés, Roberto L., _eautor. _97045 |
|
| 245 | 1 | 4 |
_aLa construcción de la libertad / _cpor Roberto L. Blanco Valdés. |
| 250 | _aSegunda edición. | ||
| 264 | 1 |
_aMadrid : _bAlianza Editorial, _c2021. |
|
| 300 |
_a385 páginas : _bilustraciones ; _c24 cm |
||
| 336 |
_atext _2rdacontent |
||
| 337 |
_aunmediated _2rdamedia |
||
| 338 |
_avolume _2rdacarrier |
||
| 504 | _aIncluye notas bibliográficas: páginas 351-367. | ||
| 505 | 0 | _aPresentación -- Introducción: Tres ideas sobre la libertad -- La constitución social de la Europa prerrevolucionaria -- El nuevo orden liberal -- Estado social y punto de partida: Europa versus Norteamérica -- La constitución, El gran hallazgo de la revolución -- El valor originario de las Constituciones en Europa: política y derecho -- El Estado representativo: Un soberano sin rostro para un pueblo imaginario -- Luchas por los derechos, luto por los derechos -- El rey frente al parlamento y el parlamento frente al pueblo -- La libertad y sus enemigos -- El triunfo del programa constitucional: La democracia en Europa -- Epílogo: Las grandes etapas del constitucionalismo europeo -- Notas. | |
| 650 | 2 | 4 | _aConstitucionalismo |
| 651 | 1 | 7 |
_aEuropa _xHistoria constitucional. _97085 _2embne |
| 856 | 4 | 0 |
_uhttps://www.alianzaeditorial.es/libro/libros-singulares-ls/la-construccion-de-la-libertad-blanco-valdes-roberto-l_9788420683171 _zAcceso en línea (editorial). |
| 942 |
_2ddc _cBK |
||
| 980 |
_621515 _aROMINA COBOS Adquisiciones _818226 _gJaime Vilcazán Jefe de Análisis Documental |
||
| 999 |
_c63083 _d63082 |
||